header

Towards a global music theory (Record no. 87915)

MARC details
000 -LEADER
fixed length control field 01331nam a2200337 a 4500
082 04 - DEWEY DECIMAL CLASSIFICATION NUMBER
Classification number 781
100 1# - MAIN ENTRY--AUTHOR NAME
Personal name Hijleh, Mark.
245 10 - TITLE STATEMENT
Title Towards a global music theory
260 ## - PUBLICATION, DISTRIBUTION, ETC. (IMPRINT)
Place of publication Burlington, Vt. :
Name of publisher Ashgate,
Year of publication 2012.
300 ## - PHYSICAL DESCRIPTION
Number of Pages xi, 227 p.
650 #0 - SUBJECT ADDED ENTRY--TOPICAL TERM
Topical Term Musical analysis.
Topical Term World music
Topical Term Music
Topical Term Music theory.
856 40 - ELECTRONIC LOCATION AND ACCESS
Uniform Resource Identifier http://site.ebrary.com/lib/rucke/Doc?id=10576218

No items available.

© 2026 Rongo University
Contact us: librarian | system librarian | Rongo university